| 000 | 00781nam a2200229Ii 4500 | ||
|---|---|---|---|
| 003 | JO-AjNU | ||
| 008 | 230605s9999||||xx |||||||||||||| ||und|| | ||
| 017 | _a2008/7174 | ||
| 020 | _a978-99901-38-22-1 | ||
| 040 |
_aJO-AjNU _bara _erda _cJO-AjNU |
||
| 041 | _aara | ||
| 050 | 1 | 4 | _ak1705.4.2010 |
| 100 | 3 |
_aالهواري ، أحمد رشاد, _eauthor _953147 |
|
| 245 | 0 | 0 | _aالوجيز في أحكام قانون العمل البحريني |
| 250 | _aط1 | ||
| 264 | 3 | 1 | _aمملكة البحرين : مؤسسة فخراوي للدراسات والنشر ، 2010 |
| 300 | _a379ص | ||
| 336 |
_atext _btxt _2rdacontent |
||
| 337 |
_aunmediated _bn _2rdamedia |
||
| 338 |
_avolume _bnc _2rdacarrier |
||
| 650 | 4 |
_aقانون العمل -- مملكة البحرين _953148 |
|
| 999 |
_aA23586 _c27154 _d27154 |
||